LEADER 01318nam2-2200373---450- 001 990003184880203316 005 20090107113050.0 010 $a978-3-540-89549-7 035 $a000318488 035 $aUSA01000318488 035 $a(ALEPH)000318488USA01 035 $a000318488 100 $a20090107d24-c----km-y0itay50------ba 101 $aeng 102 $aDE 105 $aa---||||001yy 200 1 $aComputational geometry and graph theory$eInternational conference, KyotoCGGt 2007$eKyoto, Japan, June 11-15, 2007$eRevised selected papers$gHiro Ito... [et al.] (Eds.) 210 $aXII, 235 p.$cill.$d24 cm 215 $aBerlin [etc.]$cSpringer$dcopyr. 2008 225 2 $aLecture notes in computer science$v4535 410 0$1001$12001$aLecture notes in computer science 461 1$1001000314960$12001$aLecture notes in computer science 606 0 $aGeometria$xElaborazione dei dati$yKyoto$z2007 676 $a516.02 702 1$aITO,$bHiro 710 02$aInternational conference, KyotoCGGT 2007$f<2007;$eKyoto>$0602959 801 0$aIT$bsalbc$gISBD 912 $a990003184880203316 951 $a001 LNCS 4535$b37709/CBS$c001$d00217914 959 $aBK 969 $aSCI 979 $aCBAS$b10$c20090107$lUSA01$h1130 996 $aComputational geometry and graph theory$91014241 997 $aUNISA LEADER 01223nam--2200397---450 001 990001929510203316 005 20201009094747.0 010 $a88-150-9690-6 035 $a000192951 035 $aUSA01000192951 035 $a(ALEPH)000192951USA01 035 $a000192951 100 $a20040813d2004----km-y0enga50------ba 101 $aita 102 $aIT 105 $a||||||||001yy 200 1 $a<> Bizantini in Italia$fGiorgio Ravegnani 210 $aBologna$cIl Mulino$d2004 215 $a240 p.$d21 cm 225 2 $aUniversale paperbacks Il mulino$v469 410 0$12001$aUniversale paperbacks Il mulino$v469 454 1$12001 461 1$1001-------$12001 607 0 $aItalia$xDominazione bizantina$xStoria 676 $a945.014 700 1$aRAVEGNANI,$bGiorgio$035187 801 0$aIT$bsalbc$gISBD 912 $a990001929510203316 951 $aX.1.B. 488 (XI C 23)$b174745 L.M.$cXI C$d00135001 951 $aX.1.B. 488a (XI C 23 A)$b186136 L.M.$cXI C$d00181768 951 $aX.1.B. 488b (XI C 23 B)$b186137 L.M.$cXI C$d00181769 951 $aX.1.B. 488c (XI C 23 C)$b186138 L.M.$cXI C$d00181770 959 $aBK 969 $aUMA 996 $aBizantini in Italia$9746265 997 $aUNISA